1488 1689 1593 1379 1758 1584 1326 1104 1097 1638 1599 1928 1363 1743 1580 1242 1684 1627 1225 1678 1122 1627 1925 1803 1376 1012 1971 1505 1264 1346 1752 1912 1519 1712 1544 1727 1652 1115 1085 1597 1358 1437 1551 1662 1189 1659 1596 1377 1108 1859 1480 1320 1939 1707 1353 1485 1915 1038 1864 1279 1708 1995 1509 1418 1462 1271 1862 1072 1025 1824 1084 1089 1230 1463 1829 1147 1682 1841 1514 1809 1535 1918 1670 1198 1771 1074 1331 1853 1292 1655 1059 1657 1945 1932 1756 1434 1820 1689 1343 BCNSPRNW ULIB Ver.6.0+V

เปลี่ยนเป็นภาษาไทย

Change to English
 แสดงรายละเอียดบรรณานุกรม
  กลับหน้าหลัก

Brief Record : Get Marc (ISO 2709) : E-mail record : QR code < ปิดหน้าต่าง
LEADER : 00000nam 2200000uu 4500
001    13399127867
003     ULIB
008    211018s2563||||th 000 0 tha d
020    ^a9786160040612
060  0 ^aWC501^bฝ211ค
100    ^aฝ่ายวิชาการ สถาพรบุ๊คส์
245    ^aCOVID-19 รู้ทันป้องกันได้
260    ^aกรุงเทพฯ :^bสถาพรบุ๊คส์,^c2563
300    ^a243 หน้า :^bภาพประกอบ ;^c21 ซม.
505 0  ^aบทที่ 1 ประวัติศาสตร์โรคระบาดร้ายแรงในประเทศไทย, บทที่ 2 โรคติดเชื้อไวรัสโคโรนา 2019 (โควิด-19), บทที่ 3 สถานการณ์การระบาดของโรคโควิด-19, บทที่ 4 แนวทางการรักษาและการป้องกันโรคโควิด-19, บทที่ 5 ผลกระทบจากการแพร่ระบาดของโรคโควิด-19, บทที่ 6 New Normal ชีวิตวิถีใหม่, บทที่ 7 ก้าวต่อไปหลังวิกฤติโควิด-19
650    ^aโรคเกิดจากไวรัส -- การป้องกันและควบคุม
650  0 ^aโควิด-19 (โรค)
945    ^p250^l0^i008445
945    ^p250^l0^i008446
999    ^aประนอม เกษจรัล
รายการนี้ยังไม่มีแท็ก
คุณยังไม่ได้ล็อกอิน คุณสามารถมีกิจกรรมร่วมกับเว็บไซต์ได้ แต่ต้องล็อกอินก่อน ::
  ล็อกอิน

รายการสื่อสารสนเทศ

ลำดับที่ ประเภท เลขเรียก/บาร์โค้ด สถานที่ สถานะ
1. วิทยาศาสตร์การแพทย์ และสุขภาพ
หนังสือสำรอง
สถานะ=หนังสือสำรอง
WC501 ฝ211ค ฉ.1 
  Barcode: 008445
ห้องสมุดวิทยาเขตสวรรค์ประชารักษ์
►หนังสือทั่วไป
บนชั้น
2. วิทยาศาสตร์การแพทย์ และสุขภาพ
วิทยาศาสตร์การแพทย์ และสุขภาพ
WC501 ฝ211ค ฉ.2 
  Barcode: 008446
ห้องสมุดวิทยาเขตสวรรค์ประชารักษ์
►หนังสือทั่วไป
บนชั้น

รายการใกล้เคียง
    ชื่อเรื่อง [COVID-19 รู้ทันป้องกันได้]

    ผู้แต่ง [ฝ่ายวิชาการ สถาพรบุ๊คส์]

    หัวเรื่อง [โรคเกิดจากไวรัส -- การป้องกันและควบคุม]
    หัวเรื่อง [โควิด-19 (โรค)]

BibComment


ยังไม่เคยถูกคอมเมนท์

คอมเมนท์ทรัพยากรรายการนี้
  คอมเมนท์: COVID19 รู้ทันป้..


 Copyright 2026. Bcnsprnw @Library